[Event "WA  Premier"]
[Site "Seattle"]
[Date "2010.02.14"]
[Round "8"]
[White "Kelley Dereque"]
[Black "Dean Randy"]
[Result "1-0"]
[WhiteElo "2156"]
[BlackElo "2095"]

1.d4 Nf6 2.c4 e6 3.Nf3 b6 4.g3 Bb7 5.Bg2 Be7 6.O-O O-O 7.d5 exd5
8.Nh4 c6 9.cxd5 Nxd5 10.Nf5 Na6 11.e4 Ndc7 12.Re1 Ne6 13.Nc3
d6 14.Qg4 Kh8 15.Nd5 cxd5 16.exd5 g6 17.Nxe7 Qxe7 18.dxe6 fxe6
19.Bh6 Rf5 20.Bxb7 Qxb7 21.Rxe6 Nc5 22.Qd4+ Kg8 23.Rxd6 Re8 24.b4
Rfe5 25.Rf1 Re1 26.Qc4+ Kh8 27.Qc3+ 1-0

[Event "WA  Premier"]
[Site "Seattle"]
[Date "2010.02.14"]
[Round "8"]
[White "McMillan Charles"]
[Black "Xing Kerry"]
[Result "1/2-1/2"]
[WhiteElo "2068"]
[BlackElo "2110"]

1.e4 e6 2.d4 d5 3.Nd2 Nf6 4.e5 Nfd7 5.Ngf3 c5 6.c3 Nc6 7.Bd3
g6 8.O-O Bg7 9.Re1 Qb6 10.h4 cxd4 11.cxd4 Nxd4 12.Nxd4 Qxd4 13.Nf3
Qb6 14.Qa4 O-O 15.Qg4 f5 16.Qh3 Qb4 17.Be3 Nxe5 18.Nxe5 Bxe5
19.h5 Qg4 20.Qxg4 fxg4 21.hxg6 hxg6 22.Bc5 Bxb2 23.Rab1 Bg7 24.Bxf8
Bxf8 25.Bxg6 Bc5 26.g3 b6 27.Bh5 Bd7 28.Bxg4 Rf8 29.Rb2 Rf6 30.Rbe2
Kf7 31.Kg2 d4 32.f4 1/2-1/2

[Event "WA  Premier"]
[Site "Seattle"]
[Date "2010.02.15"]
[Round "9"]
[White "Dean Randy"]
[Black "McMillan Charles"]
[Result "1-0"]
[WhiteElo "2095"]
[BlackElo "2068"]

1.d4 Nf6 2.c4 g6 3.Nc3 Bg7 4.e4 d6 5.Be2 O-O 6.Bg5 c5 7.d5 e6
8.Qd2 exd5 9.exd5 Nbd7 10.Nf3 a6 11.a4 b6 12.O-O Re8 13.Rfe1
Nf8 14.Bd3 Bg4 15.Rxe8 Qxe8 16.Qf4 Bxf3 17.Bxf6 Bxf6 18.Qxf6
Bg4 19.Ne4 Nd7 20.Qxd6 Kg7 21.Qf4 f5 22.Ng5 Qe5 23.Ne6+ Kg8 24.Qd2
Re8 25.Re1 Qf6 26.h3 Bh5 27.f4 Nf8 28.Re5 Nxe6 29.Qe3 Kf7 30.dxe6+
Rxe6 31.a5 Rxe5 32.fxe5 Qc6 33.axb6 Qxb6 34.g4 fxg4 35.Qf4+ Ke7
36.hxg4 Bxg4 37.Qxg4 Qxb2 38.Qg5+ Ke8 39.Qe3 Qc3 40.Bxg6+ 1-0

[Event "WA  Premier"]
[Site "Seattle"]
[Date "2010.02.15"]
[Round "9"]
[White "Xing Kerry"]
[Black "Sang Tian"]
[Result "1/2-1/2"]
[WhiteElo "2110"]
[BlackElo "2130"]

1.d4 Nf6 2.c4 e6 3.Nc3 Bb4 4.Qc2 c5 5.dxc5 Bxc5 6.Nf3 Nc6 7.Bg5
a6 8.e3 Be7 9.Be2 h6 10.Bh4 d6 11.O-O O-O 12.Rfd1 Qc7 13.Rac1
Qb8 14.e4 b6 15.h3 Rd8 16.Rd2 Bb7 17.Rcd1 Ne5 18.Nd4 Qc7 19.b3
Rac8 20.f4 Ng6 21.Bg3 e5 22.fxe5 dxe5 23.Nf5 Bc5+ 24.Kh2 Rxd2
25.Rxd2 Bb4 26.Bf3 b5 27.a3 Bxa3 28.Nd5 Bxd5 29.exd5 Ne8 30.Qa2
Bb4 31.Rc2 a5 32.Be4 bxc4 33.Rxc4 Qd7 34.Qc2 Rd8 35.Rc6 Bf8 36.Be1
Ne7 37.Nxe7+ Qxe7 38.Bxa5 Rd7 39.Bb6 Nd6 40.Bc5 Qg5 41.Bxd6 Bxd6 1/2-1/2

[Event "WA  Premier"]
[Site "Seattle"]
[Date "2010.02.15"]
[Round "9"]
[White "Bartron Paul"]
[Black "Wang Michael"]
[Result "0-1"]
[WhiteElo "2096"]
[BlackElo "2079"]

1.d4 d5 2.Nf3 Nf6 3.c4 c6 4.cxd5 cxd5 5.Nc3 Nc6 6.Bf4 Bf5 7.Qb3
Na5 8.Qb5+ Bd7 9.Qd3 e6 10.e3 Rc8 11.Be2 Bb4 12.O-O Bxc3 13.bxc3
Ne4 14.Rfc1 a6 15.Rab1 O-O 16.Nd2 Bb5 17.Rxb5 axb5 18.Nxe4 dxe4
19.Qxb5 Qd5 20.Qb1 Nc4 21.Bd1 g5 22.Bg3 f5 23.Bb3 f4 24.exf4
gxf4 25.Bh4 Kh8 26.Re1 Qh5 27.Be7 Rf7 28.Bxc4 Rxe7 29.Bf1 Qf5
30.c4 e3 31.Qxf5 exf5 32.f3 Ra8 33.Bd3 Rxa2 34.d5 Rd2 35.Be2
Rc7 36.Bf1 b6 37.Kh1 Ra7 38.g3 Raa2 39.Kg1 Rac2 40.gxf4 e2 41.Bh3
Rxc4 42.Bxf5 Rxd5 43.Be4 Rd1 44.Kf2 Rxe1 45.Kxe1 Rc1+ 46.Kxe2
Rh1 47.Kd3 Rxh2 48.Kc4 h5 49.Kb5 Rb2+ 50.Kc6 h4 51.Bf5 Kg7 52.Bg4
Kf6 53.Kd5 Rh2 0-1

[Event "WA  Premier"]
[Site "Seattle"]
[Date "2010.02.15"]
[Round "9"]
[White "Watts Peter"]
[Black "Warrier Vishnu"]
[Result "1/2-1/2"]
[WhiteElo "1909"]
[BlackElo "1913"]

1.d4 Nf6 2.c4 c5 3.e3 cxd4 4.exd4 d5 5.Nc3 Nc6 6.h3 Bf5 7.Nf3
e6 8.Bg5 Nb4 9.Rc1 Qa5 10.Qb3 dxc4 11.Bxc4 Bd6 12.Bxf6 gxf6 13.a3
Nd3+ 14.Bxd3 Bxd3 15.Qxb7 O-O 16.Nd2 Rab8 17.Qf3 Qa6 18.Nde4
Bxe4 19.Nxe4 Rxb2 20.Nxf6+ Kh8 21.Qh5 Qd3 22.Rd1 Qc3+ 23.Kf1
Qc2 24.Rd2 Rb1+ 25.Ke2 Qc4+ 26.Rd3 Rb2+ 27.Ke3 Bf4+ 28.Ke4 Re2+
29.Qxe2 e5 30.g3 Qc6+ 31.d5 Qxf6 32.Kf3 1/2-1/2

[Event "WA  Premier"]
[Site "Seattle"]
[Date "2010.02.15"]
[Round "9"]
[White "MacGregor Michael"]
[Black "Kelley Dereque"]
[Result "0-1"]
[WhiteElo "2176"]
[BlackElo "2156"]

1.e4 e5 2.Bc4 Nf6 3.d4 exd4 4.Nf3 Nc6 5.e5 d5 6.Bb5 Ne4 7.Nxd4
Bd7 8.Bxc6 bxc6 9.O-O Bc5 10.f3 Ng5 11.Be3 Bb6 12.f4 Ne4 13.Nd2
Nxd2 14.Qxd2 c5 15.Nb3 d4 16.Bf2 Bc6 17.c4 a5 18.Nc1 Qd7 19.Bg3
Qf5 20.Nd3 h5 21.h3 Rh6 22.Kh2 h4 23.Be1 a4 24.Rd1 Rg6 25.Rg1
Ba5 26.Qe2 Bxe1 27.Rdxe1 Rg3 28.Rd1 Be4 29.Nf2 Qxf4 30.Kh1 Re3
31.Qg4 Qxf2 32.e6 Qg3 33.exf7+ Kf8 0-1

[Event "WA Invitational"]
[Site "Seattle"]
[Date "2010.02.06"]
[Round "1"]
[White "Vanmane Amith"]
[Black "Tang Wayee"]
[Result "1-0"]
[WhiteElo "1643"]
[BlackElo "1490"]

1.e4 c5 2.Nc3 e6 3.f4 a6 4.Nf3 Nc6 5.d3 d5 6.g3 Nf6 7.e5 Nd7
8.Bg2 Be7 9.Qe2 Qc7 10.Bd2 Nd4 11.Qd1 Nxf3+ 12.Qxf3 b5 13.O-O
Bb7 14.Ne2 O-O 15.Rae1 Rab8 16.Qg4 f5 17.exf6 Rxf6 18.Nc3 Rg6
19.Qe2 Bd6 20.f5 exf5 21.Nxd5 Qd8 22.Rxf5 Bc8 23.Qe8+ Qxe8 24.Rxe8+
Nf8 25.Ne7+ Bxe7 26.Bd5+ Be6 27.Bxe6+ Rxe6 28.Rxb8 g6 29.Rf2
c4 30.Bh6 1-0

[Event "WA Invitational"]
[Site "Seattle"]
[Date "2010.02.06"]
[Round "1"]
[White "Feng Roland"]
[Black "Narayanan Siva"]
[Result "1/2-1/2"]
[WhiteElo "1882"]
[BlackElo "1787"]

1.d4 f5 2.e4 fxe4 3.Nc3 Nf6 4.Bg5 d5 5.Bxf6 exf6 6.Qh5+ g6 7.Qxd5
Qxd5 8.Nxd5 Kd8 9.Nxf6 Bf5 10.Nd5 Bh6 11.Ne3 Be6 12.g3 Nd7 13.Bg2
Nf6 14.Ne2 Re8 15.Nc3 Bf7 16.b3 c6 17.Ncd1 Nd5 18.Nxd5 cxd5 19.Ne3
Rc8 20.Kd2 Re7 21.Rac1 b5 22.c3 a5 23.a3 Be6 24.b4 Ra7 25.Rc2
axb4 26.axb4 Rca8 27.Rhc1 Rf7 28.Ke1 Rfa7 29.Bf1 Rb8 30.Rb1 Kc7
31.Rcc1 Kb6 32.Ra1 Rba8 33.Ra5 Rxa5 34.bxa5+ Rxa5 35.Rb1 Kc6
36.Nc2 Bd7 37.Rb3 Bf8 38.Kd1 Kb6 39.Kc1 Ra4 40.Kb2 Ra5 41.Ne3
Be6 42.Be2 h5 43.f4 Kc6 44.Bf1 Bd7 45.h3 Bh6 46.Nc2 h4 47.g4
Bxf4 48.Na3 Kd6 49.Nxb5+ Bxb5 50.Rxb5 Rxb5+ 51.Bxb5 e3 52.Kc2
Ke6 53.Kd3 Kd6 54.Be8 g5 55.Ba4 Kc7 56.Bb3 Kc6 57.Ke2 Kd6 58.Kf3 1/2-1/2

[Event "WA Invitational"]
[Site "Seattle"]
[Date "2010.02.06"]
[Round "1"]
[White "Smith Mark"]
[Black "Fryberg Skylor"]
[Result "1/2-1/2"]
[WhiteElo "1894"]
[BlackElo "1906"]

1.e4 d6 2.d4 Nf6 3.Nc3 g6 4.Nf3 Bg7 5.Be2 O-O 6.O-O Nbd7 7.h3
e5 8.Be3 c6 9.Qd2 Re8 10.dxe5 dxe5 11.Rad1 Qe7 12.Qd6 Qxd6 13.Rxd6
Bf8 14.Rdd1 Nc5 15.Nd2 Be6 16.f3 Nh5 17.Bc4 b5 18.Bxe6 Nxe6 19.Ne2
Bc5 20.Bxc5 Nxc5 21.g4 Nf6 22.Nb3 1/2-1/2

[Event "WA Invitational"]
[Site "Seattle"]
[Date "2010.02.06"]
[Round "1"]
[White "Tang Richard"]
[Black "Hosford Michael"]
[Result "0-1"]
[WhiteElo "1114"]
[BlackElo "1860"]

1.e4 c6 2.d4 d5 3.Nd2 dxe4 4.Nxe4 Bf5 5.Ng3 Bg6 6.Nf3 Nd7 7.Bf4
Ngf6 8.c4 e6 9.a3 Be7 10.Be2 O-O 11.O-O b5 12.Ne5 Qb6 13.c5 Qb7
14.Nxg6 hxg6 15.Bf3 Nd5 16.Bxd5 exd5 17.Be3 Rfe8 18.Qd2 a5 19.b4
Ra7 20.h3 Rea8 21.Rab1 axb4 22.axb4 Ra2 23.Rb2 Rxb2 24.Qxb2 Qa7
25.Rb1 Nf8 26.Ne2 Ne6 27.Nf4 Nxf4 28.Bxf4 Bf6 29.Be3 Qa4 30.Kh2
Ra7 31.g3 Ra8 32.Kg2 Ra7 33.Qb3 Kf8 34.Qxa4 Rxa4 35.Rb2 Ra3 36.f4
Rxe3 37.Ra2 Bxd4 38.Ra8+ Ke7 39.Ra7+ Kf6 40.Rc7 Re6 41.g4 Re2+
42.Kf3 Re3+ 43.Kg2 Re6 44.g5+ Kf5 45.Rxf7+ Ke4 46.Kg3 Bc3 47.Kg4
Ke3 48.h4 Re4 49.Kg3 Rxf4 50.Rxf4 Be5 51.Kg4 Bxf4 52.h5 gxh5+
53.Kxh5 d4 54.Kg4 d3 55.g6 d2 56.Kf5 d1Q 0-1

[Event "WA Invitational"]
[Site "Seattle"]
[Date "2010.02.06"]
[Round "1"]
[White "Goodfellow Robert"]
[Black "Ummel Igor"]
[Result "0-1"]
[WhiteElo "1744"]
[BlackElo "2041"]

1.c4 b6 2.Nc3 Bb7 3.d4 f5 4.Bf4 Nf6 5.Nf3 e6 6.e3 Bb4 7.Bd3 O-O
8.Rc1 d6 9.O-O Bxc3 10.Rxc3 Nbd7 11.b4 a5 12.a3 axb4 13.axb4
Qe7 14.c5 Nd5 15.Rb3 Nxf4 16.exf4 Bd5 17.Re1 bxc5 18.bxc5 dxc5
19.Qc2 Qd6 20.Bc4 cxd4 21.Nxd4 Rfe8 22.Rbe3 Nf6 23.Nxe6 Qc6 24.Bd3
Qxc2 25.Bxc2 Bxe6 26.h3 Bd7 0-1

[Event "WA Invitational"]
[Site "Seattle"]
[Date "2010.02.06"]
[Round "2"]
[White "Tang Wayee"]
[Black "Smith Mark"]
[Result "1/2-1/2"]
[WhiteElo "1490"]
[BlackElo "1894"]

1.e4 g6 2.d4 Bg7 3.Nc3 d6 4.Be3 Nf6 5.f3 O-O 6.Nge2 c6 7.Qd2
Qc7 8.g4 e5 9.h4 h5 10.g5 Nh7 11.f4 exf4 12.Nxf4 b5 13.Nce2 Nd7
14.Ng3 Nb6 15.Ngxh5 Bh8 16.Ng3 Bg4 17.Bd3 c5 18.c3 Qe7 19.Bxb5
Bf3 20.Rg1 Bxe4 21.Nxe4 Qxe4 22.Bd3 Qf3 23.Be2 Qe4 24.O-O-O Rfe8
25.Rg3 Na4 26.Bd3 Qb7 27.dxc5 dxc5 28.Qc2 Rab8 29.Bc4 Qxb2+ 30.Qxb2
Nxb2 31.Bxf7+ Kxf7 32.Rd7+ Re7 33.Rxe7+ Kxe7 34.Bxc5+ Kd7 35.Nxg6
Na4 36.Bxa7 Ra8 37.Nxh8 Rxa7 38.g6 Nf6 39.g7 Ra8 40.Ng6 Ke6 41.Rg5
Rg8 42.Ra5 Nxc3 43.Ra6+ Kf7 44.Ne5+ Kxg7 45.Kc2 Nce4 46.Ra7+
Kh6 47.Kd3 1/2-1/2

[Event "WA Invitational"]
[Site "Seattle"]
[Date "2010.02.06"]
[Round "2"]
[White "Hosford Michael"]
[Black "Vanmane Amith"]
[Result "1-0"]
[WhiteElo "1860"]
[BlackElo "1643"]

1.e4 c5 2.Nf3 d6 3.Bb5+ Nd7 4.d4 cxd4 5.Qxd4 a6 6.Bxd7+ Bxd7
7.Nc3 Nf6 8.Bg5 e5 9.Qd3 Be7 10.O-O Bc6 11.Rad1 Qc7 12.Rfe1 h6
13.Bxf6 gxf6 14.Nh4 Rg8 15.Nf5 Rg6 16.Nxd6+ Bxd6 17.Qxd6 Qxd6
18.Rxd6 Ke7 19.Rd3 Rag8 20.g3 h5 21.f3 Rg5 22.Red1 f5 23.Nd5+
Bxd5 24.Rxd5 fxe4 25.fxe4 h4 26.Rd7+ Kf8 27.Rxb7 hxg3 28.h3 Kg7
29.Kg2 Rh8 30.Rf1 Rd8 31.Rfxf7+ Kg8 32.Rbd7 Rc8 33.c3 Rb8 34.b3
Rc8 35.c4 Rg6 36.Rf3 Rcc6 37.Rxg3 Rxg3+ 38.Kxg3 Rg6+ 39.Kh2 Rf6
40.Re7 Rf2+ 41.Kg3 Rxa2 42.Rxe5 Rb2 43.Re8+ Kf7 44.Rb8 a5 45.Rb5
a4 46.bxa4 Re2 47.Kf4 Rh2 48.Ke5 Rxh3 49.Rb7+ Ke8 50.c5 Rh5+
51.Ke6 Rh6+ 52.Kd5 Ra6 53.Rb4 Kd7 54.e5 Rh6 55.c6+ Kd8 56.Rb8+
Kc7 57.Rb7+ Kc8 58.Rd7 Rh1 59.e6 Rd1+ 60.Kc5 Rc1+ 61.Kb5 Rb1+
62.Ka5 Rc1 63.e7 Rc5+ 64.Kb6 1-0

[Event "WA Invitational"]
[Site "Seattle"]
[Date "2010.02.06"]
[Round "2"]
[White "Fryberg Skylor"]
[Black "Feng Roland"]
[Result "1/2-1/2"]
[WhiteElo "1906"]
[BlackElo "1882"]

1.e4 c5 2.d3 e6 3.Nf3 Nc6 4.Nbd2 Qc7 5.g3 a6 6.Bg2 Nf6 7.O-O
Be7 8.Re1 d6 9.Nf1 O-O 10.h4 e5 11.Ne3 b5 12.Nh2 Nd4 13.c3 Ne6
14.Nd5 Nxd5 15.exd5 Nd8 16.d4 Nb7 17.a4 b4 18.dxe5 dxe5 19.c4
f6 20.b3 Bd6 21.Rf1 Bf5 22.f4 exf4 23.Bxf4 Bxf4 24.Rxf4 Nd6 25.Qf3
Bd7 26.g4 Rae8 27.h5 Re7 28.h6 Rfe8 29.Nf1 Nf7 30.hxg7 Qe5 31.Rd1
Kxg7 32.d6 Re6 33.Rd5 Qe1 34.g5 Re3 35.gxf6+ Kf8 36.Qd1 Qxd1
37.Rxd1 Rxb3 38.Bb7 Ng5 39.Bg2 Re2 40.Rd5 h6 41.Rf2 Rxf2 42.Kxf2
Rb2+ 43.Nd2 Ne6 44.Ke3 Kf7 45.Bh3 Kxf6 46.Ne4+ Kf7 47.Bxe6+ Bxe6
48.d7 Bxd7 49.Rxd7+ Kg6 50.Rd6+ Kf5 51.Nxc5 h5 52.Rxa6 h4 53.Rh6
Kg4 54.a5 h3 55.a6 Ra2 56.Kd4 Kg3 57.Nd3 b3 58.Rg6+ Kf3 59.Kc3
h2 60.Rh6 Kg2 61.Kxb3 Rxa6 62.Rxh2+ 1/2-1/2

[Event "WA Invitational"]
[Site "Seattle"]
[Date "2010.02.06"]
[Round "2"]
[White "Ummel Igor"]
[Black "Narayanan Siva"]
[Result "1/2-1/2"]
[WhiteElo "2041"]
[BlackElo "1787"]

1.f4 d5 2.Nf3 c5 3.e3 Nc6 4.Bb5 Bd7 5.b3 a6 6.Bxc6 Bxc6 7.Bb2
e6 8.O-O f6 9.d3 Qc7 10.Nbd2 O-O-O 11.Qe2 Bd6 12.g3 Nh6 13.e4
Rhe8 14.a4 Nf7 15.Qf2 Be7 16.Ba3 Bd7 17.Rfe1 g5 18.fxg5 Nxg5
19.Nxg5 fxg5 20.Re2 Rf8 21.Qg2 Bf6 22.Rf1 Bd4+ 23.Kh1 dxe4 24.Nxe4
Bc6 25.Bc1 Rf5 26.g4 Rxf1+ 27.Qxf1 Qe7 28.Qg2 h6 29.Be3 Qg7 30.Bxd4
Qxd4 31.Qg1 Rf8 32.Qxd4 cxd4 33.Kg1 Bd5 34.Rf2 Rxf2 35.Kxf2 Bxe4
36.dxe4 Kd7 37.Ke2 Kd6 38.b4 b6 39.Kd3 e5 40.c3 dxc3 41.Kxc3
b5 1/2-1/2

[Event "WA Invitational"]
[Site "Seattle"]
[Date "2010.02.07"]
[Round "2"]
[White "Goodfellow Robert"]
[Black "Tang Richard"]
[Result "0-1"]
[WhiteElo "1744"]
[BlackElo "1114"]

1.c4 e5 2.Nc3 Nc6 3.Nf3 Nf6 4.g3 Bc5 5.Bg2 d5 6.cxd5 Nxd5 7.Nxe5
Nxc3 8.Bxc6+ bxc6 9.bxc3 Qe7 10.d4 Bd6 11.Nxc6 Qe4 12.f3 Qxc6
13.Qd3 O-O 14.d5 Qa6 15.c4 Bb4+ 16.Kf2 c6 17.e4 cxd5 18.exd5
Bd7 19.Be3 Rac8 20.Rhc1 Ba3 21.Rc2 Ba4 22.Qxa3 Rxc4 23.Rxc4 Qxc4
24.Rc1 Qb5 25.Rc5 Qd7 26.Ra5 Bc2 27.g4 a6 28.Qc5 Rc8 29.Qb6 Bd3
30.Rc5 h6 31.Rxc8+ Qxc8 32.Qc6 Qb8 33.d6 Qb2+ 34.Kg1 Qe2 35.Qc1
Qxf3 36.g5 Be4 37.Qd2 Qh1+ 38.Kf2 Qxh2+ 39.Ke1 Qg3+ 40.Bf2 Qe5
41.Ke2 Bc6+ 42.Be3 Qh2+ 43.Ke1 Qxd2+ 44.Kxd2 hxg5 45.Bxg5 f6
46.Be3 Kf7 47.Kd3 Ke6 48.Bf4 g5 49.Bg3 f5 50.Ke3 Kf6 51.a3 Kg6
52.Be5 Kh5 53.Bh8 Kg4 54.Bf6 f4+ 55.Kf2 Kh5 56.Be7 g4 57.Kg1
g3 58.Bf6 Kg4 59.Bb2 f3 60.Bd4 Kf4 61.Bb6 Ke4 0-1

[Event "WA Invitational"]
[Site "Seattle"]
[Date "2010.02.07"]
[Round "3"]
[White "Vanmane Amith"]
[Black "Goodfellow Robert"]
[Result "1-0"]
[WhiteElo "1643"]
[BlackElo "1744"]

1.e4 c5 2.Nc3 Nc6 3.f4 Nf6 4.e5 Ng8 5.Bc4 d6 6.Nf3 Bg4 7.Bxf7+
Kd7 8.e6+ Bxe6 9.Bxe6+ Kxe6 10.Ng5+ Kf6 11.Nd5+ Kg6 12.O-O Nh6
13.h4 e6 14.h5+ Kf5 15.Qf3 Nd4 16.Qd3+ Kg4 17.Qh3# 1-0

[Event "WA Invitational"]
[Site "Seattle"]
[Date "2010.02.07"]
[Round "3"]
[White "Feng Roland"]
[Black "Tang Wayee"]
[Result "1-0"]
[WhiteElo "1882"]
[BlackElo "1490"]

1.Nf3 Nf6 2.c4 g6 3.Nc3 Bg7 4.e4 d6 5.d4 O-O 6.Be2 c5 7.O-O cxd4
8.Nxd4 Nc6 9.Be3 Bd7 10.Qd2 Rc8 11.f3 Ne5 12.b3 Ne8 13.Rac1 f5
14.f4 Nc6 15.Nxc6 Bxc6 16.exf5 gxf5 17.Bxa7 Qa5 18.Be3 e5 19.Bf3
e4 20.Nxe4 Qxd2 21.Nxd2 Ra8 22.a4 Nf6 23.Rfd1 Rfd8 24.a5 Bxf3
25.Nxf3 Ne4 26.Rd5 Nc3 27.Rd2 Ne4 28.Rdd1 Bc3 29.Bb6 Rd7 30.Rd5
Rf8 31.Bd4 Bb4 32.Ng5 Nd2 33.Be3 Nxb3 34.Rb1 Nxa5 35.Rxb4 Re7
36.Bf2 Ra8 37.Ra4 1-0

[Event "WA Invitational"]
[Site "Seattle"]
[Date "2010.02.07"]
[Round "3"]
[White "Tang Richard"]
[Black "Ummel Igor"]
[Result "0-1"]
[WhiteElo "1114"]
[BlackElo "2041"]

1.e4 c6 2.d4 d5 3.Nd2 dxe4 4.Nxe4 Bf5 5.Ng3 Bg6 6.Nf3 Nd7 7.Be2
Qc7 8.O-O e6 9.Bd3 Ngf6 10.c4 O-O-O 11.a3 e5 12.Bxg6 hxg6 13.Qa4
Kb8 14.dxe5 Ng4 15.c5 Ngxe5 16.Bf4 Bxc5 17.Rad1 Bd6 18.Ng5 Nb6
19.Qb3 Nd5 20.Bxe5 Bxe5 21.Nf3 Bd6 22.Rc1 Rde8 23.Nd4 Qb6 24.Qxb6
Nxb6 25.Nf3 Re7 26.Rfe1 Rhe8 27.Rxe7 Rxe7 28.Re1 Nc4 29.Rb1 Bxg3
30.fxg3 Re2 31.Kf1 Rxb2 32.Re1 Kc8 33.Re7 Nd6 34.Ne5 Rb5 35.g4
Kd8 36.Rd7+ Ke8 37.Rxd6 Rxe5 38.Rd2 Re3 39.Re2 Rxe2 40.Kxe2 b5
41.Kd3 c5 42.Kc3 a5 43.g5 b4+ 44.axb4 cxb4+ 45.Kb3 f6 46.gxf6
gxf6 47.g3 g5 48.h4 gxh4 49.gxh4 Kf7 50.h5 f5 0-1

[Event "WA Invitational"]
[Site "Seattle"]
[Date "2010.02.07"]
[Round "3"]
[White "Smith Mark"]
[Black "Hosford Michael"]
[Result "1-0"]
[WhiteElo "1894"]
[BlackElo "1860"]

1.Nf3 Nf6 2.g3 d5 3.Bg2 c6 4.O-O Bf5 5.d3 h6 6.Nbd2 e6 7.Qe1
Be7 8.e4 Bh7 9.e5 Nfd7 10.Qe2 c5 11.Re1 Nc6 12.h4 Bf5 13.c3 b5
14.Nf1 Bg4 15.N1h2 Ndxe5 16.Nxg4 Nxg4 17.Nd4 Nxd4 18.Qxg4 h5
19.Qd1 Nf5 20.c4 bxc4 21.dxc4 d4 22.Qa4+ Kf8 23.Bxa8 Qxa8 24.Bf4
Qb7 25.Qb5 Qxb5 26.cxb5 Ke8 27.Bb8 Nd6 28.a4 Kd7 29.Bxa7 Nc8
30.Bb8 Nb6 31.Bf4 Nc4 32.b3 Na5 33.Rab1 f6 34.Bd2 Bd8 35.Rec1
Bb6 36.Bxa5 Bxa5 37.Rxc5 Bc3 38.Rd1 Ke7 39.Rc7+ 1-0

[Event "WA Invitational"]
[Site "Seattle"]
[Date "2010.02.07"]
[Round "3"]
[White "Narayanan Siva"]
[Black "Fryberg Skylor"]
[Result "0-1"]
[WhiteElo "1787"]
[BlackElo "1906"]
[Annotator "Fryberg Skylor"]

1.e4 d6 2.Nc3 e5 3.f4 Nf6 4.Nf3 Nbd7 5.Bc4 Be7 {
Up to this point, White has developed logically and holds an edge due to his
space advantage and more active pieces.  Given time, Black would like to castle
and seek counterplay in the center and on the queenside.  With ...c7-c6, Black
prepares either ...d6-d5 or ...b7-b5 and ...a7-a5.  As it stands, none of this materialized in the actual game.}
6.Bxf7+ {White decides to attack me!  I wasn't expecting this, though I've played a few
blitz games that were similar.  White will get two pawns for the Bishop and the
Black King looks awkward, but I'm not sure it's enough compensation.}
Kxf7 7.Ng5+ Kg8 {7...Ke8?? or 7...Kf8?? drop the Queen to 8.Ne6.}
8.Ne6 Qe8 9.Nxc7 Qg6 10.Qe2 {10.O-O looks stronger.  If}
( 10.Nxa8 Qxg2 11.Rf1 Nb6 {!} 12.Qe2 ( 12.Nxb6 {?} Ng4 13.Qe2
Bh4+ 14.Kd1 Ne3+ 15.dxe3 Bg4 $19 ) Qxe2+ 13.Kxe2 Nxa8 {and Black has two minors for Rook and pawn.}
) Rb8 11.O-O h6 12.f5 Qf7 13.Rf3 Nb6 {Threatens to trade Queens with 14...Qc4.}
14.b3 Bd7 15.d4 {%04If} ( 15.a4 d5 {!} 16.exd5 Bc5+ 17.Kh1 Bd4
{.} ) Rc8 16.dxe5 Rxc7 17.exf6 Bxf6 18.Bd2 Bd4+ 19.Kh1 Qf6 20.Qd3
Kh7 {??} {Black should have played 20...Be5! and not have given White the opportunity to
play 21.e5.  I played 20...Kh7 with the idea of 21...Rhc8, but underestimated White's counterplay.}
21.e5 {!} Bxe5 22.Ne4 Qf7 {?!} {22...Qh4 is probably better.}
23.f6 g6 24.Bxh6 {!} Kg8 ( 24...Kxh6 {?} 25.Rh3+ Bxh3 26.Qxh3# )
25.Ng5 Rxh6 26.Nxf7 Kxf7 27.Re1 Rc3 {Also possible is}
( 27...Bf5 {!?} 28.Rxf5 gxf5 29.Qxf5 Rxh2+ 30.Kg1 Rh6 {, when it appears that Black is winning.}
) ( 27...Bc6 {!?} {is another option.} ) 28.Rxe5 {White chooses an ending with approximately equal chances.  After}
( 28.Qd2 Rxh2+ 29.Kg1 Rxf3 30.Rxe5 dxe5 31.Kxh2 Rxf6 {, Black should win.  And}
) ( 28.Qe2 Rxh2+ 29.Kg1 Rxf3 30.Qxf3 Bc6 {looks strong for Black.} )
Rxd3 29.Re7+ Kf8 30.Rxd3 d5 31.Rf3 g5 32.Re1 g4 33.Rf4 Kf7 34.Re7+
Kf8 35.Re1 Kf7 {I thought White was going for a draw by repetition, but I guess he was just getting some time on the clock.}
36.Kg1 {?!} {Sure, White wants to activate the King, but giving up the f7-pawn is too high a price to pay.}
Rxf6 37.Rxf6+ Kxf6 38.Kf2 Nc8 39.Rd1 {?} {
White should be focused on creating a passed pawn.  This can be achieved by a
simple two-move maneuver, i.e.,  39.Kg3 and 40.h2-h4.  For example,}
( 39.Kg3 Nd6 40.h4 Nf5+ 41.Kxg4 Ne3+ 42.Kf3 Nxc2 43.Rg1 {and White has two connected passers.}
( 43.Rd1 {?} Bg4+ 44.Kxg4 Ne3+ ) ) Ke5 40.Ke3 {40.c4, with the idea 40...d4 41.Re1+ Kf5 42.Ke2, is better.}
Nd6 41.Re1 Bf5 42.c3 Be4 43.Kf2 Nf5 {
Black's pieces have suddenly become very active.  The Knight keeps the White
King out of e3 and g3.  It also makes the advance of the h-pawn inconvenient,
as ...g4-g3+ gains space and fixes the targetted g2-pawn.} 44.Re2
b5 45.a4 a6 46.axb5 axb5 47.Ra2 d4 {Now this advance is effective, because Black will win the formerly protected b3-pawn.}
48.cxd4+ Kxd4 49.Ke1 Kc3 50.Re2 Bd3 51.Rd2 b4 52.Kd1 Nd4 53.Rf2
Kxb3 54.Rf4 Kc3 55.Rf8 {%04Not} ( 55.Rxg4 {?} Be2+ ) b3 56.Rc8+
Bc4 57.Kc1 Nb5 58.Rxc4+ {White doesn't have much else.  The threat was 58...b2+59.Kb1 Na3 mate.}
Kxc4 59.Kb2 ( 59.Kd2 Nd4 60.Kc1 Kc3 ) Nc3 60.h4 Na4+ 61.Kb1 Kc3
62.h5 b2 63.h6 ( 63.Ka2 Kc2 ) Kb3 64.h7 Nc3# 0-1

[Event "WA Invitational"]
[Site "Seattle"]
[Date "2010.02.07"]
[Round "4"]
[White "Goodfellow Robert"]
[Black "Smith Mark"]
[Result "0-1"]
[WhiteElo "1744"]
[BlackElo "1894"]

1.c4 Nf6 2.Nc3 g6 3.Nf3 Bg7 4.d4 O-O 5.Bf4 d6 6.Qc2 Nc6 7.O-O-O
Nh5 8.g3 Nxf4 9.gxf4 Bg4 10.d5 Bxf3 11.exf3 Nd4 12.Qd3 c5 13.h4
e6 14.h5 Qf6 15.Qe4 exd5 16.Nxd5 Nb3+ 17.Kc2 Qxb2+ 18.Kd3 Rfe8
19.Ne7+ Kf8 20.Qxb7 Qc3+ 0-1

[Event "WA Invitational"]
[Site "Seattle"]
[Date "2010.02.07"]
[Round "4"]
[White "Tang Richard"]
[Black "Vanmane Amith"]
[Result "0-1"]
[WhiteElo "1114"]
[BlackElo "1643"]

1.e4 c5 2.Nf3 d6 3.d4 cxd4 4.Nxd4 Nf6 5.Nc3 e6 6.Be3 Be7 7.Be2
a6 8.O-O b5 9.Re1 Bb7 10.f3 O-O 11.Bd3 Nbd7 12.a3 Nc5 13.b4 Nxd3
14.Qxd3 Nd7 15.Rad1 Ne5 16.Qe2 Nc4 17.Ra1 Nxe3 18.Qxe3 Bf6 19.Rad1
Qb6 20.Nb3 Qc7 21.Nd4 Rac8 22.Rd3 Qc4 23.Nde2 Rfd8 24.Rc1 h6
25.Kh1 d5 26.e5 Be7 27.Qa7 Qc7 28.Qe3 Qc6 29.Rd4 f6 30.Rg4 f5
31.Rg3 Bh4 32.Rh3 Bg5 33.f4 d4 34.Qf3 Qxf3 35.gxf3 dxc3 36.fxg5
hxg5 37.Kg1 Rd2 38.Kf1 Bd5 39.Ke1 g4 40.fxg4 fxg4 41.Rd3 Rxe2+
42.Kxe2 Bc4 43.Ke3 Bxd3 44.cxd3 g5 45.d4 Kg7 46.Kd3 Kg6 47.Ke4
Rc4 48.Rc2 Kh5 49.Kd3 Kg6 50.Ke4 Kf7 51.Kd3 Kg6 52.Ke4 Kh5 53.Kd3
Kg6 54.Rxc3 Rxc3+ 55.Kxc3 Kf5 56.Kd3 Kf4 57.d5 Kxe5 58.dxe6 Kxe6
59.Ke4 Kf6 60.Kd5 Kf5 61.Kc6 Kf4 62.Kb6 g3 63.hxg3+ Kxg3 64.Kxa6
Kh4 65.Kxb5 g4 66.a4 g3 67.a5 g2 68.a6 g1Q 69.Ka5 Qa7 70.b5 Qc5
71.Ka4 Kg5 72.Ka5 Kf6 73.Ka4 Ke6 74.Ka5 Kd6 75.Ka4 Qb6 76.Kb4
Kd5 77.Ka4 Kc4 78.Ka3 Qxb5 79.Ka2 Qxa6+ 80.Kb2 Qa4 81.Kb1 Kd3
82.Kb2 Qb4+ 83.Kc1 Qc3+ 84.Kb1 Qd2 85.Ka1 Kc3 86.Kb1 Qb2# 0-1

[Event "WA Invitational"]
[Site "Seattle"]
[Date "2010.02.07"]
[Round "4"]
[White "Hosford Michael"]
[Black "Feng Roland"]
[Result "0-1"]
[WhiteElo "1860"]
[BlackElo "1882"]

1.e4 c5 2.Nf3 e6 3.d3 d5 4.Qe2 d4 5.g3 Nc6 6.Bg2 Bd6 7.O-O Nge7
8.Nbd2 O-O 9.Nc4 f6 10.Ne1 e5 11.a4 Be6 12.b3 Bc7 13.f4 a6 14.f5
Bf7 15.Bf3 Kh8 16.g4 b5 17.Nb2 Bb6 18.Kh1 Rc8 19.axb5 axb5 20.h4
Na5 21.g5 c4 22.bxc4 bxc4 23.gxf6 gxf6 24.Bh6 Ng8 25.Bxf8 Qxf8
26.Ng2 Qh6 27.Rfb1 Bd8 28.Nd1 Qg7 29.Kh2 Nh6 30.Nf2 Bc7 31.Kh3
Rg8 32.Nh1 Be8 33.Rg1 Qf8 34.Nf2 Qd6 35.Bh5 Bd7 36.Kh2 Nxf5 37.Bf7
Rg7 38.Bxc4 Ng3 39.Qf3 f5 40.Rge1 f4 41.Bd5 Be8 42.Nxf4 exf4
43.e5 Qd8 44.Nh3 Bh5 45.Qxf4 Qxd5 46.Qf8+ Qg8 47.Qf6 Bd8 48.Qf2
Nc6 49.Ra8 Be8 50.Ng5 h6 51.Qxg3 hxg5 52.Qf3 gxh4 53.e6 Rg3 54.Qe4
Rh3+ 0-1

[Event "WA Invitational"]
[Site "Seattle"]
[Date "2010.02.07"]
[Round "4"]
[White "Ummel Igor"]
[Black "Fryberg Skylor"]
[Result "1-0"]
[WhiteElo "2041"]
[BlackElo "1906"]

1.f4 d5 2.Nf3 c5 3.e3 Nf6 4.b3 e6 5.Bb2 Nc6 6.Bb5 Bd7 7.O-O Be7
8.Bxc6 Bxc6 9.d3 O-O 10.Nbd2 Ng4 11.Qe2 f5 12.h3 Nf6 13.Rae1
Qc7 14.Ne5 Rae8 15.g4 Nd7 16.Ndf3 Bf6 17.Qg2 Nxe5 18.Bxe5 Bxe5
19.Nxe5 b6 20.Re2 a5 21.Kh2 Bb7 22.Qg3 Re7 23.Rg1 Ra8 24.h4 Kf8
25.gxf5 exf5 26.Qg5 Bc8 27.Reg2 Ra7 28.h5 Qd6 29.Qh4 Ke8 30.h6
g6 31.Rxg6 hxg6 32.Rxg6 Be6 33.Qf6 Rf7 34.Qxe6+ Qxe6 35.Rxe6+
Rfe7 36.h7 1-0